| 000 | | | 03508nac2a22002531x 450 |
| 001 | | | 0f7c8190-dcf9-4532-9ed3-fd674a9ee2b6 |
| 005 | | | 20160309094650.0 |
| 100 | ## | $a | 20151228l1915 k y0rusy50 ca |
| 101 | 0# | $a | rus |
| 102 | ## | $a | RU |
| 105 | ## | $a | y z ||||| |
| 122 | 0# | $a | d19151231 |
| 200 | 1# | $a | Копия проекта обязательного постановления для местных судебных установлений частей Галиции, занятых русскими войсками, утвержденного Верховным Главнокомандующим |
| | $j | 1915 |
| 215 | ## | $a | 5 листов |
| 251 | ## | $c | Дело |
| 300 | ## | $a | Лист 1 - с заголовком к документам |
| 300 | ## | $a | Рукописный и машинописный текст |
| 324 | ## | $a | Копия |
| 330 | ## | $a | Входит в раздел описи: 5 раздел. Документы польских организаций на территории России. (1915-1919 гг.) |
| 461 | #0 | $1 | 00173413d47-36b7-4590-b021-f13c3c58289c |
| | $1 | 2001 |
| | $a | КОЛЛЕКЦИЯ ДОКУМЕНТОВ ПО ИСТОРИИ РЕВОЛЮЦИОННОГО ДВИЖЕНИЯ В РОССИИ |
| | $1 | 251 |
| | $c | Фонд |
| | $1 | 852 |
| | $j | 9599 |
| 462 | #0 | $1 | 001cadcb26a-c41c-4889-9f0c-631c0cfaf7fe |
| | $1 | 2001 |
| | $a | Дела постоянного хранения. 1801-1921, 1978 гг. |
| | $v | Д. 36 |
| | $1 | 251 |
| | $c | Опись |
| | $1 | 852 |
| | $j | 1 |
| 801 | #0 | $a | RU |
| | $b | GA_RF |
| 801 | #1 | $a | RU |
| | $b | НПО Опыт |
| | $c | 20151228 |
| | $2 | rusmarc |
| 801 | #2 | $a | RU |
| | $b | ПБ им. Б.Н. Ельцина |
| | $c | 20160309 |
| | $g | RCR |
| | $2 | rusmarc |
| 852 | ## | $a | ГА РФ |
| | $j | 36 |
| 937 | ## | $d | 66600871 |
| | $h | ПБ |
| 035 | ## | $a | RuPRLIB51034061 |